| 000 | 00380nam a2200145Ia 4500 | ||
|---|---|---|---|
| 008 | 231217s9999 xx 000 0 und d | ||
| 041 | _aEnglish | ||
| 082 | _a621.38481 GAN | ||
| 100 | _aGanesh Rao, D Gejji, Vineeta P | ||
| 245 | 0 | _aDigital signal processing | |
| 260 |
_c2004 _bSanguine Technical _aBangalore |
||
| 300 | _a537 | ||
| 650 | _aDigital,processing | ||
| 942 | _cAA | ||
| 999 |
_c173130 _d173130 |
||